000 00935nam a22002177a 4500
005 20100823123010.0
010 _aENG-101359-60
020 _a9788190832755( vol 3)
_c250.00( vol 3)
020 _a9788190832779 (vol 5)
_c250.00 (vol 5)
035 _aEN-84892-93
037 _bDBAD/PUB
082 _a500
245 _aAcharya J C Bose a scientist & a dreamer /
_cedited by Prantosh Bhattacharyya
260 _acalcutta
_bBose Institute
_c1997
270 _a93/1 Acharya Prafulla Chandra Roy Road
_bCalcutta
_e700009
300 _a3 ,4( 200p,vii,144p)
_c26cm(Hb)
700 _aBhattacharyya Pranthosh
_916248
942 _2ddc
_cEN
_h500
_mBHA
999 _c42976
_d42976